Archigram : (Record no. 353116)

000 -LEADER
fixed length control field 01221 a2200277 4500
003 - CONTROL NUMBER IDENTIFIER
control field OSt
005 - DATE AND TIME OF LATEST TRANSACTION
control field 20260203112837.0
008 - FIXED-LENGTH DATA ELEMENTS--GENERAL INFORMATION
fixed length control field 120606t xxu||||| |||| 00| 0 eng d
010 ## - LIBRARY OF CONGRESS CONTROL NUMBER
LC control number 2004065582
020 ## - INTERNATIONAL STANDARD BOOK NUMBER
International Standard Book Number 0262195216 (alk. paper)
020 ## - INTERNATIONAL STANDARD BOOK NUMBER
International Standard Book Number 0262693224 (cover)
040 ## - CATALOGING SOURCE
Transcribing agency 0
082 00 - DEWEY DECIMAL CLASSIFICATION NUMBER
Classification number 720.922
100 1# - MAIN ENTRY--PERSONAL NAME
Personal name Sadler, Simon.
9 (RLIN) 133059
245 10 - TITLE STATEMENT
Title Archigram :
Remainder of title architecture without architecture /
Statement of responsibility, etc. Simon Sadler.
246 30 - VARYING FORM OF TITLE
Title proper/short title Architecture without architecture
260 ## - PUBLICATION, DISTRIBUTION, ETC.
Place of publication, distribution, etc. Cambridge, Mass. :
Name of publisher, distributor, etc. MIT Press,
Date of publication, distribution, etc. c2005.
300 ## - PHYSICAL DESCRIPTION
Extent x, 242 p. :
Other physical details ill.
Dimensions 23 cm.
505 0# - FORMATTED CONTENTS NOTE
Formatted contents note A new generation: Archigram's formation and its context -- The living city: pop urbanism circa 1963 -- Beyond architecture: indeterminacy, systems, and the dissolution of buildings -- The zoom wave: Archigram's teaching and reception -- Conclusions.
610 20 - SUBJECT ADDED ENTRY--CORPORATE NAME
Corporate name or jurisdiction name as entry element Archigram (Group)
General subdivision Criticism and interpretation.
9 (RLIN) 133060
650 10 - SUBJECT ADDED ENTRY--TOPICAL TERM
Topical term or geographic name entry element Architecture
Geographic subdivision England
General subdivision History
Chronological subdivision 20th century.
9 (RLIN) 120388
650 10 - SUBJECT ADDED ENTRY--TOPICAL TERM
Topical term or geographic name entry element Avant-garde (Aesthetics)
Geographic subdivision England
General subdivision History
Chronological subdivision 20th century.
9 (RLIN) 133061
710 2# - ADDED ENTRY--CORPORATE NAME
Corporate name or jurisdiction name as entry element Archigram (Group)
9 (RLIN) 33691
942 ## - ADDED ENTRY ELEMENTS (KOHA)
Institution code [OBSOLETE] SADA
Koha item type Book
Call number prefix 720.922 SAD 2005
Source of classification or shelving scheme
Holdings
Withdrawn status Lost status Source of classification or shelving scheme Damaged status Not for loan Permanent Location Current Location Date acquired Total Checkouts Total Renewals Full call number Barcode Date last seen Date last checked out Cost, replacement price Price effective from Koha item type
          School of Art Design and Architecture (SADA) School of Art Design and Architecture (SADA) 06/03/2011 2 2 720.922 SAD 2005 SADA0001172 03/08/2012 02/10/2012 2631.00 08/05/2011 Book
© 2023 Central Library, National University of Sciences and Technology. All Rights Reserved.